|
|
|
|
| LEADER |
00000nam a22000007a 4500 |
| 005 |
20140827223625.0 |
| 007 |
cr|||| |||| |
| 008 |
140827s2014 ec |||||s|||| 00||0 spa d |
| 020 |
|
|
|a 978-9978-84-708-4
|
| 035 |
|
|
|a 12352
|
| 040 |
|
|
|a vLex
|
| 090 |
|
|
|c 5138
|d 5138
|
| 100 |
1 |
|
|4 Montaǫ Galarza, Cšar
|
| 245 |
1 |
0 |
|a Derecho tributario municipal ecuatoriano.
|h [Recurso electrn̤ico] :
|b Fundamentos y prc̀tica /
|c Cšar Montaǫ Galarza, Juan Carlos Mogrovejo Jaramillo
|
| 256 |
|
|
|a Servicio en ln̕ea
|
| 260 |
|
|
|a Quito:
|b Corporacin̤ Editoria Nacional,
|c 2014
|
| 300 |
|
|
|a 1 recurso electrn̤ico
|
| 506 |
1 |
|
|a Disponible solo en los productos indicados
|d vLex Global
|d vLex Global (Academic Edition, excluding Law Schools)
|d vLex Global (U.S. Academic Edition, Law Schools)
|d vLex Global (U.S. Academic Edition, excluding Law Schools)
|d vLex Global (Academic Edition, Law Schools)
|
| 650 |
0 |
4 |
|a Derecho Fiscal
|z Ecuador
|
| 650 |
0 |
4 |
|a Derecho Tributario
|z Ecuador
|
| 700 |
1 |
|
|a Mogrovejo Jaramillo, Juan Carlos
|
| 740 |
0 |
|
|a vLex Libros (Servicio en ln̕ea)
|
| 856 |
4 |
0 |
|u http://vlex.com/source/derecho-tributario-municipal-ecuatoriano-fundamentos-y-practica-12352
|z Acceso restringido
|
| 942 |
|
|
|c BOOK
|
| 999 |
0 |
|
|a Tax Law
|